(SPOILER ALERT!) Keeper of the Lost Cities (KOTLC) Quiz - Statistics

General Stats
  • This quiz has been taken 226 times
  • The average score is 7 of 9
Answer Stats
Hint Answer % Correct
What is the adult female alicorns name? Silveny
94%
What is the main characters name? (First, middle, last) Sophie Elizabeth Foster
94%
What is the baby female alicorns name? Luna
92%
How many books are there? 10
90%
What is the baby male alicorns name? Wynn
85%
What is the adult male alicorns name? Greyfell
84%
Who is the baby alicorns bast friend? Gorgodon
42%
And how did they visit their best friend? Teleporting
42%
What are the names of the 2-9 books in order? Exile, Everblaze, Neverseen, Lodestar, Nightfall, Flashback, Legacy, Unlocked, Stellarlune
38%
No matching quizzes found
Score Distribution
Percent of People with Each Score
Percentile by Number Answered
Your Score History
You have not taken this quiz